000 00519nam a22001697a 4500
005 20251108172023.0
008 250721s1982 xx 000 0 ara d
082 1 4 _a812.9561/خلف
100 1 _aخلف، خلف أحمد
245 1 0 _aالعفريت و وطن الطائر :
_bمسرحيتان للأطفال /
264 1 _aدمشق :
_bإتحاد الكتاب العرب،
_c1982.
300 _a159ص
650 1 7 _aالمسرحية العربية
650 1 7 _aسوريا
942 _2ddc
_cBK
999 _c68456
_d68456